| 000 | 00639nam a22001817a 4500 | ||
|---|---|---|---|
| 005 | 20260428141524.0 | ||
| 010 | _aENG-148349 | ||
| 020 |
_a9788198517487 _c1400.00 |
||
| 035 | _aEN-131881 | ||
| 037 | _bDBAD | ||
| 082 | _a581.954 | ||
| 245 |
_aFlora of India: _bCactaceac-Adoxaceac/ _cEdited by C. Murugan...[et.al] |
||
| 260 |
_aKolkata _bThe Director, Botanical Survey of India _c2025 |
||
| 270 |
_aCGO Complex, 3rd MSO Building, Block - F, 5th & 6th Floor, DF - Block, Sector-1, Salt Lake City _bKolkata _e700064 |
||
| 300 |
_axlix,523p. _c25cm.(Hb) _bcol,ill |
||
| 490 | _vVol-11 | ||
| 942 |
_2ddc _cEN _h581.954 _mFLO |
||
| 999 |
_c216019 _d216019 |
||